| 000 | 00681cam a2200229 a 4500 | ||
|---|---|---|---|
| 020 | _a0767416430 | ||
| 040 | _cDLC | ||
| 082 | 0 | 0 | _a305 MAY 2001 A074 Or. |
| 100 | 1 | _aKirk, Gwyn. | |
| 245 | 1 | 0 |
_aWomen's lives : _bmulticultural perspectives / |
| 250 | _a2nd ed. | ||
| 260 |
_aMountain View, Calif. : _bMayfield Pub. Co., _cc2001. |
||
| 300 |
_axxi, 615 p. : _bill. ; _c24 cm. |
||
| 500 | _a"Free professional copy"--Cover. | ||
| 650 | 0 | _aWomen | |
| 650 | 0 | _aWomen | |
| 650 | 0 | _aFeminism | |
| 700 | 1 | _aOkazawa-Rey, Margo. | |
| 856 | 4 | 2 | _uhttp://www.loc.gov/catdir/description/mh024/00056079.html |
| 856 | 4 | 1 | _uhttp://www.loc.gov/catdir/toc/mh023/00056079.html |
| 942 | _cEK | ||
| 999 |
_c15233 _d15233 |
||